000 00314nam a2200133Ia 4500
008 190216s9999||||xx |||||||||||||| ||und||
100 _aPaulo Coelho
245 0 _aManuscript Found In Accra
250 _a1ST EDI
260 _bHarper Collins Publishers
_c2013
300 _a194
650 _aEnglish
942 _cBK
999 _c14689
_d14689